000 00597cam a22002291 4500
001 sa 68001565
003 DLC
005 20260227112434.0
008 881102s1966 xx 000 0 hino
010 _asa 68001565
035 _a(OCoLC)23543736
040 _aDLC
_cMiU
_dDLC
042 _apremarc
050 0 0 _aPK2040
_b.P28
100 1 _aPāṇḍeya, Aravinda,
_d1932-
245 1 0 _aRītīkālīna kāvya meṃ lakshaṇā kā prayoga.
260 _c[1966]
300 _a352 p.
_c22 cm.
500 _aRomanized.
650 0 _aHindi poetry
_xHistory and criticism.
650 0 _aMetaphor
999 _c78047
_d78047